LEADER 01762oam 2200469I 450 001 9910711763003321 005 20190103085358.0 035 $a(CKB)5470000002486440 035 $a(OCoLC)961333253 035 $a(EXLCZ)995470000002486440 100 $a20161028d1960 ua 0 101 0 $aeng 135 $aurn|||||||||| 181 $ctxt$2rdacontent 182 $cc$2rdamedia 183 $acr$2rdacarrier 200 10$aSurface water supply of the United States, 1958$hPart 6-A$iMissouri River Basin above Sioux City, Iowa /$fprepared under the direction of J. V. B. Wells 210 1$a[Washington, D.C.] :$cUnited States Department of the Interior, Geological Survey,$d1960. 210 2$aWashington :$cUnited States Government Printing Office. 215 $a1 online resource (x, 434 pages) $cillustrations, maps 225 1 $aGeological Survey water-supply paper ;$v1559 300 $a"Prepared in cooperation with the states of Iowa, Montana, Nebraska, North Dakota, South Dakota, and Wyoming and other agencies." 300 $a"U. S. Government Printing Office: 1960 O - 534538"--Page 434. 300 $aIncludes tables. 320 $aIncludes index. 606 $aWater quality$zMissouri River Watershed 606 $aWater$xComposition$zMissouri River Watershed 606 $aWater-supply$zMissouri River Watershed 615 0$aWater quality 615 0$aWater$xComposition 615 0$aWater-supply 700 $aWells$b J. V. B.$01385991 712 02$aGeological Survey (U.S.), 801 0$bCOP 801 1$bCOP 801 2$bOCLCO 801 2$bOCLCF 801 2$bGPO 906 $aBOOK 912 $a9910711763003321 996 $aSurface water supply of the United States, 1958$93440773 997 $aUNINA LEADER 01585nas 2200481-a 450 001 996204958803316 005 20240413025153.0 011 $a1581-1026 035 $a(DE-599)ZDB2129047-7 035 $a(CKB)991042723491320 035 $a(CONSER)---00238011- 035 $a(EXLCZ)99991042723491320 100 $a20000201a199u9999 --- - 101 0 $aeng 181 $ctxt$2rdacontent 182 $cc$2rdamedia 183 $acr$2rdacarrier 200 10$aSlovenian economic mirror 210 $a[Ljubljana] $cInstitute of Macroeconomic Analysis and Development 215 $a1 online resource 300 $aRefereed/Peer-reviewed 311 08$aPrint version: Ekonomsko ogledalo. 1318-3826 (DLC) 00238011 (OCoLC)43375143 517 3 $aEconomic mirror 606 $aEconomic history$2fast$3(OCoLC)fst00901974 606 $aEconomische situatie$2gtt 606 $aWirtschaftsstatistik$2stw 606 $aWirtschaftslage$2stw 606 $aSlowenien$2stw 607 $aSlovenia$xEconomic conditions$vPeriodicals 607 $aSlovenia$2fast$1https://id.oclc.org/worldcat/entity/E39PBJm4PB4qggMDvbW3fqhvHC 608 $aPeriodicals.$2fast 608 $aPeriodicals.$2lcgft 615 7$aEconomic history. 615 17$aEconomische situatie. 615 7$aWirtschaftsstatistik. 615 7$aWirtschaftslage. 615 7$aSlowenien. 712 02$aSlovenia.$bUrad za makroekonomske analize in razvoj. 906 $aJOURNAL 912 $a996204958803316 920 $aexl_impl conversion 996 $aSlovenian economic mirror$91931720 997 $aUNISA